LIBRARY & INFORMATION CENTRE, KCAET, TAVANUR

ONLINE PUBLIC ACCESS CATALOGUE (OPAC)

Middle march / (Record no. 11535)

MARC details
000 -LEADER
fixed length control field 00402cam a2200169ua 4500
041 ## - LANGUAGE CODE
Language code of text/sound track or separate title eng
082 ## - DEWEY DECIMAL CLASSIFICATION NUMBER
Classification number 823.308
Item number ELI/MI
100 ## - MAIN ENTRY--AUTHOR NAME
Personal name Eliot, George.
245 ## - TITLE STATEMENT
Title Middle march /
260 ## - PUBLICATION, DISTRIBUTION, ETC. (IMPRINT)
Place of publication London :
Name of publisher J M Dent and Sons Ltd ,
Year of publication 1961.
300 ## - PHYSICAL DESCRIPTION
Number of Pages 381 ; .
500 ## - GENERAL NOTE
General note Vol. 2
942 ## - ADDED ENTRY ELEMENTS (KOHA)
Koha item type Books
Holdings
Withdrawn status Lost status Damaged status Home library Current library Date acquired Full call number Accession Number Koha item type
Withdrawn     KAUAET Malayalam University 07/04/2012 823.308 4369 Books
Withdrawn     KAUAET Sanskrit University 07/04/2012 823.308 4368 Books
free website counter